[Event "Titled Tuesday intern op 06th Feb Early"]
[Site "Chess.com INT"]
[Date "2024.02.06"]
[Round "4"]
[White "Sierra Vallina, Lionel"]
[Black "Mahdavi, Reza"]
[Result "0-1"]
[WhiteElo "2275"]
[BlackElo "2312"]
[PlyCount "98"]
[EventDate "2024.02.06"]
[EventType "swiss (blitz)"]
[EventRounds "11"]
[EventCountry "USA"]
[SourceTitle "CB07_2024"]
[SourceDate "2024.02.14"]
[SourceVersion "1"]
[SourceVersionDate "2024.02.14"]
[SourceQuality "1"]

1. e4 e6 2. d4 d5 3. e5 c5 4. c3 Nc6 5. Nf3 Nge7 6. Na3 Nf5 7. Nc2 Qa5 8. dxc5 Qc7 9. b4 a5 10. Bb5 Bd7 11. Bf4 b6 12. cxb6 Qxb6 13. Bxc6 Qxc6 14. 0-0 Qxc3 15. Rc1 Be7 16. Ncd4 Qxb4 17. Nxf5 Qxf4 18. Nxg7+ Kf8 19. Nh5 Qa4 20. Qd2 h6 21. Nf6 Bb5 22. Rfe1 Bb4 23. Qe3 Qa3 24. Rc7 Qxe3 25. Rxe3 Bc4 26. Nd4 Be7 27. Rf3 Bxf6 28. Rxf6 Rh7 29. Nxe6+ Kg8 30. Nd4 Bxa2 31. h4 Bc4 32. e6 fxe6 33. Rg6+ Kh8 34. Rc5 a4 35. Nc2 Re7 36. Na3 Kh7 37. Rf6 Kg7 38. Rf4 Bb3 39. Rb4 Rf8 40. g3 Ref7 41. f4 Kf6 42. Kf2 Rg7 43. Kf3 Rfg8 44. g4 Rxg4 45. Rb6 Rg3+ 46. Kf2 Rg2+ 47. Kf1 Ra2 48. Nb5 Bc4+ 49. Ke1 Rg1# 0-1

[Event "Titled Tuesday intern op 09th Jan Early"]
[Site "Chess.com INT"]
[Date "2024.01.09"]
[Round "10"]
[White "Sierra Vallina, Lionel"]
[Black "Martinez Pla, Xavier"]
[Result "1-0"]
[WhiteElo "2275"]
[BlackElo "2251"]
[PlyCount "68"]
[EventDate "2024.01.09"]
[EventType "swiss (blitz)"]
[EventRounds "11"]
[EventCountry "USA"]
[SourceTitle "CB03_2024"]
[SourceDate "2024.01.17"]
[SourceVersion "1"]
[SourceVersionDate "2024.01.17"]
[SourceQuality "1"]

1. e4 c5 2. Nf3 a6 3. g3 d6 4. Bg2 Nc6 5. 0-0 e5 6. c3 Nf6 7. d4 cxd4 8. cxd4 Bg4 9. d5 Nd4 10. Nc3 Be7 11. Be3 Nxf3+ 12. Bxf3 Bh3 13. Bg2 Bxg2 14. Kxg2 b5 15. b4 0-0 16. Qd3 Qd7 17. a4 Rab8 18. axb5 axb5 19. Ra7 Rb7 20. Rfa1 Rfb8 21. f3 h5 22. Rxb7 Rxb7 23. Ra5 h4 24. Rxb5 Rc7 25. Rb8+ Kh7 26. b5 h3+ 27. Kf2 Ra7 28. b6 Ra3 29. Qc4 Rxc3 30. Qxc3 Qa4 31. b7 Qa2+ 32. Qd2 Qb3 33. Ba7 Nxe4+ 34. fxe4 Bg5 1-0

[Event "ESP-ch 88th"]
[Site "Marbella"]
[Date "2023.10.17"]
[Round "5"]
[White "Sierra Vallina, Lionel"]
[Black "Zapata, Karen"]
[Result "1/2-1/2"]
[WhiteElo "2250"]
[BlackElo "2037"]
[PlyCount "93"]
[EventDate "2023.10.13"]
[EventType "swiss"]
[EventRounds "9"]
[EventCountry "ESP"]
[SourceTitle "Mega2024 Update 01"]
[Source "Chessbase"]
[SourceDate "2023.11.12"]
[SourceVersion "1"]
[SourceVersionDate "2023.11.12"]
[SourceQuality "1"]

1. d4 Nf6 2. Bg5 c5 3. d5 b5 4. Bxf6 gxf6 5. e4 Qb6 6. Qh5 Bg7 7. Nd2 c4 8. Ngf3 f5 9. Qxf5 Bxb2 10. Rb1 c3 11. Nb3 Na6 12. Ne5 Rf8 13. Nd3 d6 14. Qxh7 f5 15. e5 dxe5 16. Nxe5 Nb4 17. Bd3 Nxd3+ 18. Nxd3 Qf6 19. Qh5+ Qf7 20. Qxf7+ Kxf7 21. Nxb2 cxb2 22. 0-0 Rd8 23. Rfd1 Bb7 24. Rxb2 Bxd5 25. Re1 Kf6 26. f3 e5 27. Kf2 Bc4 28. c3 a5 29. Nd2 Bd3 30. g4 Rac8 31. a4 Rxc3 32. axb5 a4 33. gxf5 Kxf5 34. b6 a3 35. Rb3 Rxb3 36. Nxb3 a2 37. Ra1 Bb1 38. Nc1 Rd2+ 39. Kg3 Rb2 40. b7 Rxb7 41. Nxa2 Rb3 42. Nc1 Rb2 43. Ra5 Kf6 44. Ra3 e4 45. Rb3 Rxb3 46. Nxb3 exf3 47. Kf4 1/2-1/2

[Event "ESP-chT Rapid"]
[Site "Ubeda"]
[Date "2023.09.23"]
[Round "1.4"]
[White "Moussard, Jules"]
[Black "Sierra Vallina, Lionel"]
[Result "1-0"]
[WhiteElo "2656"]
[BlackElo "2251"]
[PlyCount "83"]
[EventDate "2023.09.23"]
[EventType "team-swiss (rapid)"]
[EventRounds "9"]
[EventCountry "ESP"]
[SourceTitle "EXT 2024"]
[Source "ChessBase"]
[SourceDate "2023.10.10"]
[SourceVersion "1"]
[SourceVersionDate "2023.10.10"]
[SourceQuality "1"]
[WhiteTeam "Andreu Paterna"]
[BlackTeam "Gijon 64"]
[WhiteTeamCountry "ESP"]
[BlackTeamCountry "ESP"]

1. c3 d5 2. f4 g6 3. Nf3 Bg7 4. d4 c5 5. e3 Nf6 6. Bd3 0-0 7. 0-0 Nc6 8. Nbd2 b6 9. b3 a5 10. Ba3 cxd4 11. exd4 Ba6 12. Bxa6 Rxa6 13. Qe2 Ra8 14. Ne5 Na7 15. Rac1 Re8 16. Ndf3 Ne4 17. Ng5 f6 18. Nxe4 dxe4 19. Ng4 h5 20. Ne3 f5 21. d5 Qd7 22. c4 Nc8 23. Bb2 e6 24. Rfd1 Bxb2 25. Qxb2 Qg7 26. Qf2 e5 27. d6 Ra7 28. Rd5 Rd7 29. Rcd1 Re6 30. c5 bxc5 31. Nc4 exf4 32. Qxc5 Qf8 33. Kf1 f3 34. gxf3 exf3 35. Kf2 Qe8 36. Kxf3 Re2 37. Re5 Rxe5 38. Nxe5 Nxd6 39. Rxd6 Qa8+ 40. Kf4 Qe4+ 41. Kg5 Rg7 42. Qd5+ 1-0

[Event "Titled Tuesday intern op 22nd Aug Early"]
[Site "Chess.com INT"]
[Date "2023.08.22"]
[Round "1"]
[White "Hartikainen, Jarmo"]
[Black "Sierra Vallina, Lionel"]
[Result "1-0"]
[WhiteElo "2108"]
[BlackElo "2211"]
[PlyCount "127"]
[EventDate "2023.08.22"]
[EventType "swiss (blitz)"]
[EventRounds "11"]
[EventCountry "USA"]
[SourceTitle "EXT 2024"]
[Source "ChessBase"]
[SourceDate "2023.10.10"]
[SourceVersion "1"]
[SourceVersionDate "2023.10.10"]
[SourceQuality "1"]

1. e4 c6 2. d4 d5 3. Nc3 dxe4 4. Nxe4 Nf6 5. Nxf6+ exf6 6. Bf4 Bd6 7. Qf3 0-0 8. Bd3 Na6 9. Bxa6 bxa6 10. Ne2 Rb8 11. 0-0 Rxb2 12. Qxc6 Bxf4 13. Nxf4 Bb7 14. Qc3 Rb5 15. a4 Rf5 16. Ne2 Qd5 17. f3 Rc8 18. Qd3 g6 19. Rab1 Qd7 20. c4 Ra5 21. Nc3 Kg7 22. Rb4 Ba8 23. Rfb1 Rh5 24. Ne4 a5 25. Rb5 Rf5 26. Rxf5 Qxf5 27. d5 a6 28. Rd1 Qd7 29. c5 Qxa4 30. c6 Qb5 31. Qc3 Qb4 32. Qxf6+ Kg8 33. h3 Qb6+ 34. Kh1 Qd8 35. Qd4 Bxc6 36. dxc6 Qxd4 37. Rxd4 Rxc6 38. Ra4 Rb6 39. Rxa5 Kg7 40. Kh2 f5 41. Nc3 Kf7 42. Na4 Rd6 43. Nc5 h6 44. Nxa6 Rc6 45. Nb4 g5 46. Nd5 Kg6 47. Rb5 Rd6 48. Rb6 Rxb6 49. Nxb6 f4 50. Nc4 Kf5 51. Kg1 Ke6 52. Kf2 Kd5 53. Nd2 Kd4 54. g3 h5 55. gxf4 gxf4 56. Ne4 Kd3 57. h4 Kd4 58. Nf6 Ke5 59. Nxh5 Kf5 60. Ke2 Kg6 61. Nxf4+ Kf5 62. Ke3 Ke5 63. h5 Kf5 64. h6 1-0

[Event "ESP-chT CECLUB Div2"]
[Site "Linares"]
[Date "2023.08.15"]
[Round "4.9"]
[White "Domingo Nunez, Alejandro"]
[Black "Sierra Vallina, Lionel"]
[Result "1/2-1/2"]
[WhiteElo "2323"]
[BlackElo "2211"]
[PlyCount "60"]
[EventDate "2023.08.13"]
[EventType "team-swiss"]
[EventRounds "7"]
[EventCountry "ESP"]
[SourceTitle "EXT 2024"]
[Source "ChessBase"]
[SourceDate "2023.10.10"]
[SourceVersion "1"]
[SourceVersionDate "2023.10.10"]
[SourceQuality "1"]
[WhiteTeam "Granada Aimpulsa"]
[BlackTeam "Gijon 64"]
[WhiteTeamCountry "ESP"]
[BlackTeamCountry "ESP"]

1. Nf3 d5 2. g3 Nf6 3. Bg2 e6 4. c4 Be7 5. 0-0 0-0 6. b3 d4 7. e3 c5 8. Ne5 Qc7 9. f4 Nbd7 10. Nd3 e5 11. Bb2 Bd6 12. Na3 a6 13. Nc2 Rb8 14. fxe5 Nxe5 15. Nxe5 Bxe5 16. exd4 cxd4 17. d3 Bg4 18. Qd2 Rbd8 19. Rae1 Rfe8 20. Qf2 Qd7 21. Bc1 h6 22. Nb4 Bh3 23. Qf3 a5 24. Nc2 b6 25. Na3 Bg4 26. Qc6 Bd6 27. Nb5 Bb4 28. Qxd7 Nxd7 29. Rxe8+ Rxe8 30. a3 Bf8 1/2-1/2

[Event "Titled Tuesday intern op 01st Aug Early"]
[Site "Chess.com INT"]
[Date "2023.08.01"]
[Round "3"]
[White "Masruri, Rahman"]
[Black "Sierra Vallina, Lionel"]
[Result "0-1"]
[WhiteElo "2299"]
[BlackElo "2211"]
[PlyCount "51"]
[EventDate "2023.08.01"]
[EventType "swiss (blitz)"]
[EventRounds "11"]
[EventCountry "USA"]
[SourceTitle "EXT 2024"]
[Source "ChessBase"]
[SourceDate "2023.10.10"]
[SourceVersion "1"]
[SourceVersionDate "2023.10.10"]
[SourceQuality "1"]

1. d4 d5 2. Bf4 c5 3. e3 Nc6 4. c3 Qb6 5. Qb3 c4 6. Qc2 e5 7. Bg3 Bf5 8. Qc1 h5 9. h3 h4 10. Bh2 exd4 11. exd4 0-0-0 12. Be2 Re8 13. Kf1 Nf6 14. a4 Na5 15. Qf4 g6 16. Nf3 Bh6 17. Ng5 Nb3 18. a5 Qc6 19. Ra4 Bxg5 20. Qxg5 Qxa4 21. Qf4 Qc6 22. Na3 Nh5 23. Bxh5 Bd3+ 24. Be2 Rxe2 25. Qb8+ Kd7 26. Qxh8 0-1

[Event "Titled Tuesday intern op 01st Aug Early"]
[Site "Chess.com INT"]
[Date "2023.08.01"]
[Round "11"]
[White "Sierra Vallina, Lionel"]
[Black "Bouget, Alexandre"]
[Result "1-0"]
[WhiteElo "2211"]
[BlackElo "2229"]
[PlyCount "135"]
[EventDate "2023.08.01"]
[EventType "swiss (blitz)"]
[EventRounds "11"]
[EventCountry "USA"]
[SourceTitle "EXT 2024"]
[Source "ChessBase"]
[SourceDate "2023.10.10"]
[SourceVersion "1"]
[SourceVersionDate "2023.10.10"]
[SourceQuality "1"]

1. e4 g6 2. d4 Bg7 3. Nc3 d6 4. f4 a6 5. Nf3 b5 6. Bd3 Nd7 7. a4 b4 8. Ne2 c5 9. c3 Bb7 10. 0-0 Ngf6 11. e5 Nd5 12. Ng5 0-0 13. e6 fxe6 14. Nxe6 Qb6 15. Nxf8 Rxf8 16. Bc4 Kh8 17. Kh1 N7f6 18. dxc5 Qxc5 19. Qd4 Ng4 20. Qxc5 dxc5 21. Bxd5 Bxd5 22. h3 Ne5 23. Be3 Nc4 24. Bxc5 Nxb2 25. cxb4 Nd3 26. Rad1 Bc4 27. Rf3 Nb2 28. Rd2 Re8 29. Bd4 Nxa4 30. Bxg7+ Kxg7 31. Nc3 Nxc3 32. Rxc3 Bb5 33. Re3 Kf6 34. Rd5 e6 35. Rde5 Bc4 36. g4 Rb8 37. g5+ Ke7 38. R3e4 Rxb4 39. Rxe6+ Kd7 40. Re7+ Kd6 41. Kh2 Rb2+ 42. Kg3 Bd5 43. R4e5 Rg2+ 44. Kh4 Rf2 45. Re3 Rxf4+ 46. Kg3 Rf1 47. Rxh7 Rg1+ 48. Kf4 Rf1+ 49. Kg4 Rg1+ 50. Rg3 Rb1 51. h4 Be6+ 52. Kf3 Bd5+ 53. Kf2 Rb2+ 54. Kg1 a5 55. Ra7 Rb1+ 56. Kf2 Rb2+ 57. Ke1 Rb1+ 58. Kd2 Rb5 59. Rd3 Kc5 60. Rc7+ Kb6 61. Rd7 Bc6 62. R7d6 Rb4 63. Rxg6 Rxh4 64. Rdd6 Rc4 65. Rxc6+ Rxc6 66. Rxc6+ Kxc6 67. g6 a4 68. g7 1-0

[Event "ESP-ch U14 rapid"]
[Site "Salobrena"]
[Date "2023.07.23"]
[Round "6"]
[White "Povshednyi, Ivan"]
[Black "Sierra Vallina, Lionel"]
[Result "0-1"]
[WhiteElo "2109"]
[BlackElo "2079"]
[PlyCount "100"]
[EventDate "2023.07.22"]
[EventType "swiss (rapid)"]
[EventRounds "9"]
[EventCountry "ESP"]
[SourceTitle "EXT 2024"]
[Source "ChessBase"]
[SourceDate "2023.10.10"]
[SourceVersion "1"]
[SourceVersionDate "2023.10.10"]
[SourceQuality "1"]

1. d4 d5 2. c4 e6 3. Nf3 Nf6 4. g3 Be7 5. Bg2 0-0 6. 0-0 c6 7. Nbd2 b6 8. Qc2 c5 9. cxd5 exd5 10. Ne5 Bb7 11. Ndf3 Nbd7 12. dxc5 bxc5 13. Nxd7 Qxd7 14. Bg5 Rac8 15. Rfd1 Qe6 16. Rac1 h6 17. Bxf6 Bxf6 18. e3 Rfd8 19. b3 d4 20. exd4 cxd4 21. Qd2 Rxc1 22. Qxc1 d3 23. Qd2 Qe2 24. Qxe2 dxe2 25. Rxd8+ Bxd8 26. Ne1 Bxg2 27. Kxg2 Ba5 28. Kf3 Bxe1 29. Kxe2 Bb4 30. Kd3 Bc5 31. Ke2 Kf8 32. f3 Ke7 33. Kd3 Kd6 34. Ke4 Bg1 35. h3 Bh2 36. g4 Ke6 37. f4 f5+ 38. Kf3 fxg4+ 39. hxg4 g5 40. fxg5 hxg5 41. Ke4 Bd6 42. Kd4 Ba3 43. Ke4 Kd6 44. Kf5 Bc1 45. Ke4 Kc5 46. Kd3 Kb4 47. Kc2 Bf4 48. Kb1 Ka3 49. Ka1 Be5+ 50. Kb1 Bf6 0-1